Statistics for Tottenham scorers in Premier League 2014-2015

Click here to take the quiz!

General Stats

  • This quiz has been taken 483 times
    (458 since last reset)
  • The average score is 8 of 12

Answer Stats

PlayersGoals% Correct
Harry Kane21
100%
Christian Eriksen10
90%
Daniel Rose3
81%
Erik Lamela2
78%
Jan Vertonghen1
78%
Nacer Chadli11
68%
Moussa Dembélé1
66%
Eric Dier2
65%
Roberto Soldado1
64%
Emmanuel Adebayor2
57%
Ryan Mason1
51%
Andros Townsend2
44%

Score Distribution

Percentile by Number Answered

Percent of People with Each Score

Your Score History

You have not taken this quiz since the last reset